[Event "Macieja Memorial"]
[Site "Warsaw POL"]
[Date "2022.07.08"]
[Round "7.30"]
[White "Niezhentsev, Kyrylo"]
[Black "Kazmierowski, Tymon"]
[Result "1-0"]
[WhiteElo "2054"]
[BlackElo "1749"]
[EventDate "????.??.??"]
[PlyCount "65"]

1.e4 c5 2.Nf3 Nc6 3.d4 cxd4 4.Nxd4 g6 5.Nc3 Bg7 6.Be3 Nf6 7.Nxc6 bxc6 8.e5 Ng8 
9.Bd4 Nh6 10.e6 f6 11.exd7+ Bxd7 12.Bc4 e6 13.Bc5 Kf7 14.Ne4 Bf8 15.Bxf8 Rxf8 
16.O-O Bc8 17.Qf3 Kg7 18.Rad1 Qe7 19.Rfe1 e5 20.h3 Bb7 21.Rd6 Nf5 22.Rd2 Nd4 
23.Qc3 c5 24.Ng3 f5 25.f3 Rad8 26.Ne2 Nxe2+ 27.Rdxe2 Qd6 28.Rxe5 Qd4+ 29.Qxd4 
Rxd4 30.Re7+ Kh6 31.b3 Bd5 32.c3 Rd2 33.Rd7 1-0

[Event "Macieja Memorial"]
[Site "Warsaw POL"]
[Date "2022.07.08"]
[Round "7.31"]
[White "Pires, Emanuel Joao Robarts"]
[Black "Marcinczyk, Monika"]
[Result "1/2-1/2"]
[WhiteElo "2037"]
[BlackElo "1705"]
[EventDate "????.??.??"]
[PlyCount "96"]

1.e4 c5 2.d4 cxd4 3.c3 dxc3 4.Nxc3 d6 5.Bc4 Nf6 6.e5 Ng4 7.e6 Ne5 8.exf7+ Nxf7 
9.Nf3 e6 10.O-O Be7 11.Re1 d5 12.Bd3 O-O 13.Qc2 h6 14.Bh7+ Kh8 15.Bg6 Nc6 
16.Bf4 Ng5 17.Bxg5 Bxg5 18.Qe2 Rf6 19.Bc2 Bf4 20.Qd3 g6 21.Nh4 Ne7 22.Qd4 e5 
23.Rxe5 Bxe5 24.Qxe5 Qd6 25.Qd4 Bf5 26.Bb3 Kh7 27.Re1 Nc6 28.Qxd5 Qxd5 29.Nxd5 
Rd6 30.Nc7 Rc8 31.Nxf5 gxf5 32.Nb5 Rd2 33.h4 a6 34.Nc3 Rxb2 35.Rd1 Rc7 36.Nd5 
Rg7 37.Nf6+ Kg6 38.Rd6 Rb1+ 39.Kh2 Ne5 40.Ne8+ Kh7 41.Nxg7 Kxg7 42.f3 Rb2 
43.Kg3 Ng6 44.h5 f4+ 45.Kh3 Ne5 46.Re6 Nc6 47.Rg6+ Kh7 48.Rf6 Ne5 1/2-1/2

[Event "Macieja Memorial"]
[Site "Warsaw POL"]
[Date "2022.07.08"]
[Round "7.32"]
[White "Fudala, Dominik"]
[Black "Smieszek, Wojciech"]
[Result "0-1"]
[WhiteElo "1698"]
[BlackElo "2034"]
[EventDate "????.??.??"]
[PlyCount "58"]

1.e4 c5 2.Nf3 g6 3.d4 cxd4 4.Nxd4 Nc6 5.Nc3 Bg7 6.Be3 Nf6 7.Be2 O-O 8.O-O d5 
9.exd5 Nb4 10.d6 Qxd6 11.a3 Nbd5 12.Ndb5 Nxe3 13.Qxd6 exd6 14.fxe3 Bf5 15.Rac1 
d5 16.Nd4 Bd7 17.Bf3 Rae8 18.Rfe1 Re5 19.Nb3 b6 20.Rcd1 Bc6 21.Nd4 Bb7 22.Ncb5 
Bh6 23.Nd6 Ba6 24.e4 dxe4 25.Nxe4 Nxe4 26.Rxe4 Rxe4 27.Bxe4 Re8 28.Bf3 Be3+ 
29.Kh1 Bxd4 0-1

[Event "Macieja Memorial"]
[Site "Warsaw POL"]
[Date "2022.07.08"]
[Round "7.33"]
[White "Grochowski, Krzysztof"]
[Black "Vanduyfhuys, Daria"]
[Result "1/2-1/2"]
[WhiteElo "2019"]
[BlackElo "1716"]
[EventDate "????.??.??"]
[PlyCount "108"]

1.e4 c5 2.c3 d5 3.exd5 Qxd5 4.d4 Nf6 5.Nf3 e6 6.Be2 Be7 7.Be3 cxd4 8.cxd4 O-O 
9.O-O Nc6 10.Nc3 Qd8 11.Ne5 Nb4 12.Bf3 Nbd5 13.Qb3 Nxe3 14.fxe3 Bd6 15.Rfd1 Qe7 
16.Nc4 Bb8 17.e4 e5 18.d5 Ne8 19.Rac1 Nd6 20.Nb5 Nxc4 21.Rxc4 a6 22.d6 Qd8 
23.Nc7 Ba7+ 24.Kh1 Rb8 25.Qc3 b5 26.Rc6 Bb7 27.Nxa6 Bxc6 28.Nxb8 Bxe4 29.Bxe4 
Bxb8 30.Qxe5 Re8 31.Qd5 Bxd6 32.h3 Bc7 33.Bf3 Qxd5 34.Bxd5 b4 35.g4 g6 36.Rd2 
Kg7 37.Kg2 Rd8 38.Kf3 Be5 39.a3 bxa3 40.bxa3 Rd6 41.Rd3 Bb2 42.a4 Be5 43.Be4 
Rxd3+ 44.Bxd3 Bd4 45.Ke4 Bf2 46.Kd5 Kf6 47.a5 Ke7 48.Kc6 Kf6 49.a6 Kg5 50.a7 
Bxa7 51.Kd6 f5 52.gxf5 gxf5 53.Ke6 Bb8 54.Be2 f4 1/2-1/2

[Event "Macieja Memorial"]
[Site "Warsaw POL"]
[Date "2022.07.08"]
[Round "7.34"]
[White "Malec, Sebastian"]
[Black "Chiszko, Oskar"]
[Result "0-1"]
[WhiteElo "2012"]
[BlackElo "1694"]
[EventDate "????.??.??"]
[PlyCount "78"]

1.e4 c5 2.Nf3 d6 3.d4 cxd4 4.Qxd4 Nc6 5.Bb5 a6 6.Bxc6+ bxc6 7.c4 Nf6 8.Nc3 e5 
9.Qd3 Bg4 10.Nd2 Be7 11.Nf1 O-O 12.Ne3 Be6 13.h3 Qb6 14.O-O Rfd8 15.Rd1 Rd7 
16.b3 Rad8 17.Ba3 Qa5 18.Bb2 d5 19.exd5 cxd5 20.cxd5 Bxd5 21.Ncxd5 Rxd5 22.Nxd5 
Rxd5 23.Qe2 Nd7 24.Rxd5 Qxd5 25.Rd1 Qe6 26.Qd3 Nc5 27.Qd8+ Bf8 28.Ba3 Qc6 
29.Rc1 Qd7 30.Rd1 Qc6 31.Rd5 Ne6 32.Qa5 Bxa3 33.Rxe5 Bb4 34.Qd5 Qxd5 35.Rxd5 
Kf8 36.Kf1 Ke7 37.Ke2 Nf4+ 38.Kf3 Nxd5 39.Ke4 Nc3+ 0-1

[Event "Macieja Memorial"]
[Site "Warsaw POL"]
[Date "2022.07.08"]
[Round "7.35"]
[White "Lee, Hyuk"]
[Black "Lee, Hyo"]
[Result "0-1"]
[WhiteElo "1683"]
[BlackElo "2010"]
[EventDate "????.??.??"]
[PlyCount "86"]

1.Nf3 d5 2.d4 c6 3.Bf4 Bf5 4.e3 Nf6 5.Bd3 Bg6 6.Nbd2 Bxd3 7.cxd3 e6 8.O-O Nbd7 
9.h3 Be7 10.Rb1 O-O 11.b4 Nb6 12.a4 Qd7 13.Ne5 Qe8 14.a5 Nbd7 15.Nb3 Bxb4 16.a6 
Nxe5 17.axb7 Rb8 18.Bxe5 Rxb7 19.Nc5 Rb6 20.Bd6 Nd7 21.Qa4 a5 22.Nxd7 Qxd7 
23.Bxf8 Kxf8 24.Rfc1 g5 25.Qd1 Kg7 26.Qh5 h6 27.h4 Qe7 28.hxg5 Qxg5 29.Qd1 h5 
30.Qa4 h4 31.Kf1 Qf5 32.Rb3 Qg4 33.Rbb1 h3 34.gxh3 Qxh3+ 35.Ke2 Qg4+ 36.Kf1 Rb8 
37.Qd1 Qh3+ 38.Ke2 Qh5+ 39.Kf1 Qh3+ 40.Ke2 Rh8 41.Qg1+ Kf6 42.Rxc6 Qh5+ 43.Kf1 
Qf3 0-1

[Event "Macieja Memorial"]
[Site "Warsaw POL"]
[Date "2022.07.08"]
[Round "7.36"]
[White "Padalka, Artem"]
[Black "Wojnowski, Jan"]
[Result "1-0"]
[WhiteElo "2010"]
[BlackElo "1429"]
[EventDate "????.??.??"]
[PlyCount "97"]

1.c4 e5 2.g3 Nc6 3.Bg2 f5 4.d3 Nf6 5.Nc3 g6 6.Nf3 Bg7 7.O-O O-O 8.Rb1 d6 9.b4 
h6 10.b5 Ne7 11.a4 g5 12.e3 Ng6 13.a5 Rb8 14.Ne1 f4 15.Nc2 h5 16.Nb4 h4 17.a6 
fxg3 18.fxg3 Qe8 19.axb7 Bxb7 20.Nc6 Bxc6 21.Bxc6 Qe7 22.Nd5 Nxd5 23.Bxd5+ Kh7 
24.Qh5+ Bh6 25.Be4 Rxf1+ 26.Kxf1 Qf6+ 27.Kg2 Rf8 28.Qxg6+ Qxg6 29.Bxg6+ Kxg6 
30.Ra1 Ra8 31.Ra6 Kf5 32.e4+ Kg6 33.gxh4 gxh4 34.Bxh6 Kxh6 35.c5 Kg5 36.cxd6 
cxd6 37.b6 Kf4 38.bxa7 Ke3 39.Ra3 Kd2 40.Kh3 Ke3 41.Kxh4 Kd4 42.Kg5 d5 43.exd5 
Kxd5 44.h4 Rg8+ 45.Kf6 Rf8+ 46.Kg7 Ra8 47.h5 Ke6 48.h6 Kf5 49.h7 1-0

[Event "Macieja Memorial"]
[Site "Warsaw POL"]
[Date "2022.07.08"]
[Round "8.1"]
[White "Wieczorek, Oskar"]
[Black "Klekowski, Maciej"]
[Result "1/2-1/2"]
[WhiteElo "2330"]
[BlackElo "2476"]
[EventDate "????.??.??"]
[PlyCount "114"]

1.Nf3 d5 2.g3 Nf6 3.Bg2 c6 4.O-O Bf5 5.d3 e6 6.Nc3 h6 7.Nd2 Bh7 8.e4 a5 9.f4 
Be7 10.e5 Nfd7 11.Nf3 a4 12.a3 c5 13.Ne2 Nc6 14.g4 h5 15.gxh5 Qb6 16.Ng3 Nd4 
17.Nxd4 cxd4 18.Qg4 Rg8 19.Qe2 Qc7 20.Bh3 Ra6 21.Bd2 Rc6 22.c3 dxc3 23.Bxc3 d4 
24.Bxd4 Rc2 25.Qe3 Bc5 26.Ne4 Bxe4 27.dxe4 g5 28.hxg6 Rxg6+ 29.Kh1 Rh6 30.Bxc5 
Qxc5 31.Qxc5 Nxc5 32.Bg2 Nd3 33.Rab1 Nf2+ 34.Kg1 Ng4 35.h3 Ne3 36.Rf2 Rxf2 
37.Kxf2 Nc4 38.Bf1 Nd2 39.Re1 Nxf1 40.Rxf1 Rxh3 41.Rg1 Rb3 42.Rb1 b5 43.Ke2 b4 
44.axb4 a3 45.Kd2 Rxb4 46.Kc3 Rxe4 47.bxa3 Rxf4 48.Rb8+ Kd7 49.Kb3 Kc7 50.Rb5 
Kc6 51.a4 Re4 52.Ka3 Rd4 53.Kb3 Rf4 54.Ka3 Rg4 55.Kb3 Rh4 56.Ka3 Re4 57.Kb3 Rf4 1/2-1/2

[Event "Macieja Memorial"]
[Site "Warsaw POL"]
[Date "2022.07.08"]
[Round "8.2"]
[White "Krasenkow, Michal"]
[Black "Nasuta, Grzegorz"]
[Result "0-1"]
[WhiteElo "2369"]
[BlackElo "2366"]
[EventDate "????.??.??"]
[PlyCount "84"]

1.e4 c5 2.Nc3 a6 3.g3 b5 4.Bg2 Bb7 5.d3 e6 6.f4 d5 7.Qe2 b4 8.Nd1 Nf6 9.Nf2 Nc6 
10.Nf3 Be7 11.O-O a5 12.e5 Nd7 13.f5 Qb6 14.fxe6 fxe6 15.Bg5 Bxg5 16.Nxg5 Nd4 
17.Qh5+ g6 18.Qh4 h6 19.Ngh3 Nxc2 20.Ng4 Nxa1 21.Nf6+ Nxf6 22.Qxf6 Kd7 23.Qf7+ 
Kc6 24.Rxa1 Kb5 25.Nf4 Rhf8 26.Qxg6 Rae8 27.Re1 Ka6 28.Bh3 c4+ 29.Kh1 c3 
30.bxc3 bxc3 31.Nxe6 Rg8 32.Nc5+ Ka7 33.Qxb6+ Kxb6 34.Nd7+ Ka7 35.Nf6 c2 36.Kg1 
Rxe5 37.Rc1 Rg6 38.Nd7 Re2 39.Bf1 Rd2 40.Nc5 Rc6 41.Nb3 Rd1 42.d4 Rc3 0-1

[Event "Macieja Memorial"]
[Site "Warsaw POL"]
[Date "2022.07.08"]
[Round "8.4"]
[White "Koziorowicz, Michal"]
[Black "Markowski, Tomasz"]
[Result "0-1"]
[WhiteElo "2202"]
[BlackElo "2504"]
[EventDate "????.??.??"]
[PlyCount "85"]

1.e4 c5 2.Nf3 d6 3.Bb5+ Nd7 4.O-O a6 5.Bxd7+ Bxd7 6.d4 cxd4 7.Qxd4 e5 8.Qd3 Be7 
9.Nc3 Nf6 10.Bg5 Be6 11.Bxf6 Bxf6 12.Rfd1 Be7 13.Nd5 Rc8 14.Rac1 Rc6 15.Ne1 O-O 
16.c4 Bg5 17.Rc3 Rc5 18.b4 Rc6 19.Nc2 Qd7 20.a4 f5 21.b5 Rc5 22.Nb6 Qf7 23.Qxd6 
Be7 24.Qd2 fxe4 25.Ne3 h6 26.Rf1 Bg5 27.Qe2 Qc7 28.a5 axb5 29.Rd1 bxc4 30.Nexc4 
e3 31.fxe3 e4 32.Rd4 Bf6 33.Qd2 Bxd4 34.Qxd4 Rd8 35.Qxe4 Rd1+ 36.Kf2 Qf7+ 
37.Qf3 Rf5 38.Ne5 Rxf3+ 39.gxf3 Qf6 40.f4 Qh4+ 41.Kf3 Rf1+ 42.Ke4 Qxh2 43.Rd3 0-1

[Event "Macieja Memorial"]
[Site "Warsaw POL"]
[Date "2022.07.08"]
[Round "8.5"]
[White "Brodowski, Piotr"]
[Black "Mikrut, Dariusz"]
[Result "1-0"]
[WhiteElo "2431"]
[BlackElo "2266"]
[EventDate "????.??.??"]
[PlyCount "55"]

1.c4 Nf6 2.Nc3 g6 3.g3 Bg7 4.Bg2 O-O 5.Nf3 c6 6.O-O d6 7.d4 Bf5 8.h3 Ne4 9.Nd2 
Nxc3 10.bxc3 Qc8 11.Kh2 c5 12.Nb3 Nc6 13.e4 Bd7 14.Be3 b6 15.f4 Qa6 16.Qe2 cxd4 
17.cxd4 Na5 18.Rac1 Rac8 19.Nd2 Rc7 20.Rc2 Ba4 21.Rcc1 Rfc8 22.e5 Nxc4 23.f5 
dxe5 24.fxg6 hxg6 25.Bd5 b5 26.Bxf7+ Kh7 27.Nxc4 bxc4 28.Qg4 1-0

[Event "Macieja Memorial"]
[Site "Warsaw POL"]
[Date "2022.07.08"]
[Round "8.6"]
[White "Kowalski, Igor"]
[Black "Danielyan, Vahe"]
[Result "1-0"]
[WhiteElo "2287"]
[BlackElo "2419"]
[EventDate "????.??.??"]
[PlyCount "73"]

1.d4 Nf6 2.c4 g6 3.Nc3 Bg7 4.e4 O-O 5.Nf3 d6 6.h3 e5 7.d5 Na6 8.Be3 Nc5 9.Nd2 
a5 10.g4 h5 11.Be2 h4 12.Bg5 Qe8 13.Bxh4 Nh7 14.g5 c6 15.Nf3 Bd7 16.a4 Qc8 
17.Ng1 Re8 18.Ra3 Nf8 19.Bg3 cxd5 20.cxd5 Qc7 21.h4 Qb6 22.Bb5 Bxb5 23.axb5 a4 
24.h5 Ra5 25.Qg4 Nd3+ 26.Kf1 Rxb5 27.Nxb5 Qxb5 28.Qe2 Rc8 29.Rxd3 gxh5 30.Rc3 
Qd7 31.Rxc8 Qxc8 32.Kg2 Ng6 33.Rxh5 Qc1 34.Nf3 Nf4+ 35.Bxf4 Qxf4 36.Rh4 Qc1 
37.Qb5 1-0

[Event "Macieja Memorial"]
[Site "Warsaw POL"]
[Date "2022.07.08"]
[Round "8.7"]
[White "Licznerski, Lukasz"]
[Black "Golecki, Jan"]
[Result "1-0"]
[WhiteElo "2387"]
[BlackElo "2109"]
[EventDate "????.??.??"]
[PlyCount "53"]

1.e4 c5 2.Nf3 e6 3.d4 cxd4 4.Nxd4 a6 5.Bd3 Bc5 6.Nb3 Ba7 7.O-O Nc6 8.Qe2 Qc7 
9.Be3 b5 10.c4 Bxe3 11.Qxe3 Ne5 12.cxb5 Nxd3 13.Qxd3 axb5 14.Nc3 Qc4 15.Qg3 Ne7 
16.Rac1 Kf8 17.Nd5 Qxe4 18.Nb6 Nf5 19.Qc7 Bb7 20.f3 Qe3+ 21.Kh1 Ke7 22.Qxd7+ 
Kf6 23.Qxb7 Rxa2 24.Nd7+ Kg6 25.Qxb5 Rxb2 26.Ne5+ Kf6 27.Ng4+ 1-0

[Event "Macieja Memorial"]
[Site "Warsaw POL"]
[Date "2022.07.08"]
[Round "8.8"]
[White "Karolczuk, Iwo"]
[Black "Gdanski, Jacek"]
[Result "1-0"]
[WhiteElo "2281"]
[BlackElo "2385"]
[EventDate "????.??.??"]
[PlyCount "64"]

1.d4 Nf6 2.Nf3 c5 3.d5 d6 4.Nc3 g6 5.e4 Bg7 6.Be2 O-O 7.O-O e6 8.Bc4 exd5 
9.Nxd5 Nxd5 10.Bxd5 Nc6 11.h3 Be6 12.c3 Re8 13.Bf4 Ne5 14.Bxe5 dxe5 15.Bxe6 
Rxe6 16.Qc2 Rd6 17.Rfd1 Rxd1+ 18.Rxd1 Qa5 19.a4 Rd8 20.Nd2 Qa6 21.Nf3 Qa5 
22.Qb3 Bf6 23.Rxd8+ Qxd8 24.Qxb7 Qd1+ 25.Kh2 Qe2 26.Qc8+ Kg7 27.Qxc5 Qxb2 
28.Qxa7 Qxc3 29.a5 Qb4 30.a6 Qxe4 31.Qb7 Qf4+ 32.g3 Qf5 1-0

[Event "Macieja Memorial"]
[Site "Warsaw POL"]
[Date "2022.07.08"]
[Round "8.10"]
[White "Mickiewicz, Piotr"]
[Black "Leniart, Arkadiusz"]
[Result "1-0"]
[WhiteElo "2209"]
[BlackElo "2327"]
[EventDate "????.??.??"]
[PlyCount "111"]

1.e4 e5 2.Nf3 Nc6 3.Bb5 a6 4.Ba4 Nf6 5.O-O Be7 6.Qe2 b5 7.Bb3 O-O 8.c3 d6 9.h3 
Na5 10.Bc2 c5 11.d4 Qc7 12.d5 Bd7 13.b3 c4 14.b4 Nb7 15.a4 Rfb8 16.Be3 Nd8 
17.axb5 axb5 18.Nbd2 Ne8 19.g4 g6 20.Kh1 Ng7 21.Rg1 f6 22.Nh2 Nf7 23.h4 Qb7 
24.f4 exf4 25.Bxf4 Ne5 26.Ndf3 Rxa1 27.Rxa1 Ra8 28.Rg1 Ra2 29.Nd4 Qa7 30.g5 Qa3 
31.Bd2 fxg5 32.hxg5 Nh5 33.Qf2 Ra1 34.Nf1 Ng4 35.Qf3 Ne5 36.Qf2 Qb2 37.Ne3 
Rxg1+ 38.Qxg1 Nf7 39.Ng4 Kg7 40.Qh2 Qa1+ 41.Kg2 Nxg5 42.Nf2 Nf7 43.Ne6+ Bxe6 
44.dxe6 Ne5 45.Qh3 Qb2 46.Qe3 Qxc2 47.Qh6+ Kg8 48.Qe3 Nd3 49.Ng4 Nf6 50.Nh6+ 
Kg7 51.e5 dxe5 52.Nf7 Ng4 53.Qe2 e4 54.Kg3 e3 55.Qxg4 Qxd2 56.Qd4+ 1-0

[Event "Macieja Memorial"]
[Site "Warsaw POL"]
[Date "2022.07.08"]
[Round "8.11"]
[White "Lach, Aleksandra"]
[Black "Kosakowski, Jakub"]
[Result "0-1"]
[WhiteElo "2083"]
[BlackElo "2476"]
[EventDate "????.??.??"]
[PlyCount "78"]

1.e4 c5 2.Nc3 a6 3.Nge2 d6 4.g3 Nf6 5.Bg2 g6 6.d3 Bg7 7.h3 Nc6 8.Be3 Rb8 9.Qd2 
O-O 10.Bh6 b5 11.Bxg7 Kxg7 12.O-O b4 13.Nd5 e6 14.Nxf6 Qxf6 15.c3 Bd7 16.f4 Rb6 
17.d4 bxc3 18.bxc3 cxd4 19.cxd4 Rfb8 20.e5 Qe7 21.Rac1 d5 22.f5 exf5 23.Bxd5 
Rb2 24.Qe3 Nb4 25.Bc4 Bb5 26.Bxb5 Nd5 27.Qf3 R8xb5 28.Rf2 Rxa2 29.Rcf1 Qd7 
30.Kh2 Rbb2 31.g4 Ne7 32.Nf4 Qxd4 33.Kg3 Rxf2 34.Rxf2 Rxf2 35.Qxf2 Qxe5 36.Kg2 
Qe4+ 37.Kh2 fxg4 38.hxg4 Nd5 39.Ng2 Nf6 0-1

[Event "Macieja Memorial"]
[Site "Warsaw POL"]
[Date "2022.07.08"]
[Round "8.12"]
[White "Dziuba, Marcin"]
[Black "Niezhentsev, Kyrylo"]
[Result "1-0"]
[WhiteElo "2466"]
[BlackElo "2054"]
[EventDate "????.??.??"]
[PlyCount "63"]

1.d4 Nf6 2.c4 e6 3.Nf3 b6 4.a3 Bb7 5.Nc3 d5 6.Bg5 Be7 7.e3 O-O 8.Bd3 dxc4 
9.Bxc4 c5 10.dxc5 bxc5 11.O-O Nbd7 12.Qc2 h6 13.Bh4 Bxf3 14.gxf3 Nd5 15.Bg3 
N7b6 16.Ba2 Rc8 17.Rad1 Qe8 18.Nxd5 exd5 19.Bxd5 Nxd5 20.Rxd5 Qc6 21.Rfd1 c4 
22.e4 c3 23.b4 Rfd8 24.Kg2 h5 25.h4 g6 26.R1d3 a5 27.bxa5 Rxd5 28.exd5 Qc4 
29.d6 Bxh4 30.d7 Rd8 31.Rxc3 Qd4 32.Rc4 1-0

[Event "Macieja Memorial"]
[Site "Warsaw POL"]
[Date "2022.07.08"]
[Round "8.13"]
[White "Shilov, Sergej"]
[Black "Janik, Igor"]
[Result "0-1"]
[WhiteElo "2082"]
[BlackElo "2456"]
[EventDate "????.??.??"]
[PlyCount "119"]

1.e4 c6 2.d4 d5 3.exd5 cxd5 4.c4 Nf6 5.Nc3 e6 6.Nf3 Bb4 7.cxd5 Nxd5 8.Bd2 Nxc3 
9.bxc3 Bd6 10.Bd3 Nd7 11.O-O Qc7 12.Qe2 O-O 13.Qe4 g6 14.Qh4 Re8 15.Rfe1 Be7 
16.Bg5 Nf8 17.Rac1 b6 18.Qh6 Bb7 19.Bf4 Bd6 20.Bxd6 Qxd6 21.Ne5 Qe7 22.Re3 f6 
23.Ng4 Qg7 24.Qf4 f5 25.Nh6+ Kh8 26.Qg5 Qe7 27.Rce1 Rac8 28.c4 Rcd8 29.d5 Rd6 
30.h4 Qxg5 31.Nf7+ Kg7 32.Nxg5 Kf6 33.f4 h6 34.Nf3 Red8 35.Bf1 exd5 36.Re7 R6d7 
37.Rxd7 Rxd7 38.cxd5 Bxd5 39.Ne5 Re7 40.a3 Nd7 41.Nxd7+ Rxd7 42.Rd1 Be6 43.Re1 
Rd4 44.g3 Rd2 45.Re3 Bd5 46.Rd3 Rxd3 47.Bxd3 Ke7 48.Kf2 Kd6 49.Ke3 Kc5 50.Bxf5 
Bf7 51.Kd3 a5 52.Kc3 b5 53.Bc2 b4+ 54.axb4+ axb4+ 55.Kd2 Kd4 56.f5 Ke5 57.Ke3 
Bd5 58.f6 Kxf6 59.Kd4 Bf7 60.Ke3 0-1

[Event "Macieja Memorial"]
[Site "Warsaw POL"]
[Date "2022.07.08"]
[Round "8.14"]
[White "Warakomski, Tomasz"]
[Black "Padalka, Artem"]
[Result "1-0"]
[WhiteElo "2397"]
[BlackElo "2010"]
[EventDate "????.??.??"]
[PlyCount "45"]

1.e4 c5 2.Nf3 g6 3.c3 Bg7 4.d4 d6 5.dxc5 dxc5 6.Qxd8+ Kxd8 7.Bc4 Nf6 8.Ng5 Rf8 
9.Nxf7+ Rxf7 10.Bxf7 e6 11.Bg5 Ke7 12.e5 Kxf7 13.exf6 Bxf6 14.Bxf6 Kxf6 15.Nd2 
b6 16.O-O-O Bb7 17.f3 Nd7 18.Ne4+ Ke7 19.Rhe1 h6 20.Rd2 Bd5 21.Nxc5 Nf6 22.Nxe6 
Kf7 23.Nc7 1-0

[Event "Macieja Memorial"]
[Site "Warsaw POL"]
[Date "2022.07.08"]
[Round "8.15"]
[White "Smieszek, Wojciech"]
[Black "Nguyen, Piotr"]
[Result "1-0"]
[WhiteElo "2034"]
[BlackElo "2300"]
[EventDate "????.??.??"]
[PlyCount "95"]

1.e4 d6 2.d4 Nf6 3.Nc3 Nbd7 4.Nf3 e5 5.g4 Nxg4 6.Rg1 Ngf6 7.Bc4 h6 8.Be3 c6 
9.Qd3 b5 10.Bb3 Qa5 11.O-O-O Ba6 12.dxe5 b4 13.Bc4 bxc3 14.exf6 cxb2+ 15.Kb1 
Bxc4 16.Qxc4 gxf6 17.Qxc6 Rb8 18.Nd4 Qc5 19.Qa6 Qb6 20.Qa4 Qb4 21.Qxa7 Qb7 
22.Qa4 Ra8 23.Qb3 Qa6 24.Nf5 Rb8 25.Qd5 Rb5 26.Nxd6+ Bxd6 27.Qxd6 Qxd6 28.Rxd6 
Ke7 29.Rd3 Rb4 30.f3 Ra8 31.Rb3 Rba4 32.Rxb2 Ne5 33.Bc5+ Kd7 34.Rd1+ Kc6 35.Be7 
Nc4 36.Rb3 Rxa2 37.Bxf6 R2a4 38.Bb2 Rg8 39.Rc3 Rg2 40.Rd4 Kb5 41.Rd5+ Kc6 
42.Rd4 Rg1+ 43.Bc1 Kc5 44.Rd5+ Kc6 45.Rd4 Rb4+ 46.Ka2 Kb5 47.Rd5+ Kc6 48.Ba3 1-0

[Event "Macieja Memorial"]
[Site "Warsaw POL"]
[Date "2022.07.08"]
[Round "8.16"]
[White "Sadzikowski, Daniel"]
[Black "Pires, Emanuel Joao Robarts"]
[Result "1/2-1/2"]
[WhiteElo "2297"]
[BlackElo "2037"]
[EventDate "????.??.??"]
[PlyCount "99"]

1.c4 e5 2.g3 d6 3.Bg2 Nf6 4.Nc3 Be7 5.Nf3 O-O 6.O-O c6 7.d3 Re8 8.a3 Nbd7 9.e4 
a5 10.Rb1 Nf8 11.Nh4 Ne6 12.Nf5 Bf8 13.b4 axb4 14.axb4 Nd4 15.Nxd4 exd4 16.Ne2 
c5 17.bxc5 dxc5 18.Bg5 h6 19.Bxf6 Qxf6 20.Nf4 Qc6 21.Nd5 Ra6 22.Rb3 Be6 23.Qh5 
Bxd5 24.exd5 Qc7 25.d6 Qxd6 26.Rxb7 Qg6 27.Qxg6 Rxg6 28.Bd5 Rf6 29.Rb2 g5 
30.Kg2 Kg7 31.Ra1 h5 32.Ra7 Re7 33.Rxe7 Bxe7 34.Rb7 Kf8 35.h3 Bd6 36.Ra7 Kg7 
37.Rd7 Bf8 38.Kf1 Kg6 39.Kg2 Kg7 40.g4 h4 41.f3 Kg6 42.Kf2 Kg7 43.Ke2 Rf4 
44.Kd2 Rf6 45.Kc2 Kg6 46.Kc1 Kg7 47.Kd2 Kg6 48.Kc2 Rd6 49.Rc7 Rf6 50.Kb3 1/2-1/2

[Event "Macieja Memorial"]
[Site "Warsaw POL"]
[Date "2022.07.08"]
[Round "8.17"]
[White "Sarkar, Justin"]
[Black "Baum, Jonasz"]
[Result "1-0"]
[WhiteElo "2006"]
[BlackElo "2240"]
[EventDate "????.??.??"]
[PlyCount "75"]

1.e4 c5 2.Nf3 Nc6 3.Bb5 a6 4.Bxc6 dxc6 5.d3 Qc7 6.a4 a5 7.Nbd2 e5 8.Nc4 b5 
9.Ne3 Ne7 10.O-O Ng6 11.Bd2 Be6 12.Ng5 Bd7 13.axb5 cxb5 14.Nd5 Qd8 15.Qh5 h6 
16.Nxf7 Kxf7 17.f4 Be8 18.f5 Kg8 19.fxg6 Ra6 20.Rxf8+ Kxf8 21.Rf1+ Kg8 22.Qxe5 
Bxg6 23.Bc3 Rh7 24.Qg3 Re6 25.Nf4 Bf7 26.Nxe6 Bxe6 27.Qe5 Bf7 28.Qxc5 b4 29.Be5 
g5 30.Bc7 Qd7 31.Bxa5 b3 32.Bc3 bxc2 33.Qf2 Qxd3 34.Qf6 Qe3+ 35.Kh1 Qd3 36.Bd4 
Be8 37.Qe6+ Bf7 38.Qc8+ 1-0

[Event "Macieja Memorial"]
[Site "Warsaw POL"]
[Date "2022.07.08"]
[Round "8.18"]
[White "Jedrusik, Adam"]
[Black "Reza, Wojciech"]
[Result "1-0"]
[WhiteElo "1854"]
[BlackElo "2230"]
[EventDate "????.??.??"]
[PlyCount "99"]

1.d4 d5 2.Bf4 c5 3.e3 Nc6 4.c3 cxd4 5.exd4 Bf5 6.Nf3 e6 7.Bd3 Bg6 8.O-O Nf6 
9.Re1 Be7 10.Ne5 Nxe5 11.Bxe5 O-O 12.Bxg6 hxg6 13.Nd2 Rc8 14.Qe2 a6 15.a4 Rc6 
16.Bxf6 Bxf6 17.Nb3 Be7 18.Nc1 Bd6 19.Nd3 Qb8 20.g3 b5 21.Rec1 Rfc8 22.Qd2 b4 
23.cxb4 Rc4 24.Nc5 Qxb4 25.Qxb4 Rxb4 26.Nxa6 Rxc1+ 27.Rxc1 Rxa4 28.Rc6 Be7 
29.Rc7 Bf6 30.Nc5 Rxd4 31.Nd7 Rc4 32.Rb7 Rc8 33.Kf1 Bd4 34.Ke1 g5 35.f3 g6 
36.Kd2 Kg7 37.Kd3 Bf6 38.Nb6 Rh8 39.b4 Rxh2 40.b5 Be5 41.Nd7 Bxg3 42.b6 Bf4 
43.Nc5 Rd2+ 44.Kc3 d4+ 45.Kc4 Kf6 46.Ne4+ Ke5 47.Nxd2 Bxd2 48.Rxf7 g4 49.b7 g3 
50.b8=Q# 1-0

[Event "Macieja Memorial"]
[Site "Warsaw POL"]
[Date "2022.07.08"]
[Round "8.19"]
[White "Sieciechowicz, Marcin"]
[Black "Rudnicka, Ewa"]
[Result "1-0"]
[WhiteElo "2228"]
[BlackElo "1937"]
[EventDate "????.??.??"]
[PlyCount "81"]

1.d4 Nf6 2.c4 g6 3.Nc3 d5 4.Nf3 Bg7 5.Qb3 c6 6.cxd5 Nxd5 7.e4 Nxc3 8.bxc3 O-O 
9.h4 Qb6 10.h5 Qxb3 11.axb3 c5 12.h6 Bh8 13.Be3 Be6 14.Rb1 Rc8 15.Be2 cxd4 
16.cxd4 a6 17.O-O b5 18.Rfc1 Nd7 19.Rxc8+ Rxc8 20.Ng5 Nf8 21.Nxe6 Nxe6 22.Bg4 
Rc3 23.Bxe6 fxe6 24.e5 a5 25.Ra1 Rxb3 26.Rxa5 Bxe5 27.dxe5 b4 28.Kf1 Rb1+ 
29.Ke2 b3 30.Rb5 Kf7 31.Rb8 Rg1 32.Rxb3 Rxg2 33.Rb7 g5 34.Bc5 Kg6 35.Rxe7 Kxh6 
36.Rxe6+ Kg7 37.Ra6 h5 38.e6 Rg4 39.f3 Rc4 40.e7 Kf7 41.Ra8 1-0

[Event "Macieja Memorial"]
[Site "Warsaw POL"]
[Date "2022.07.08"]
[Round "8.20"]
[White "Kubiak, Jakub"]
[Black "Szustakowski, Antoni"]
[Result "1/2-1/2"]
[WhiteElo "1812"]
[BlackElo "2173"]
[EventDate "????.??.??"]
[PlyCount "143"]

1.e4 c5 2.Nf3 e6 3.d3 Nc6 4.g3 g6 5.Bg2 Bg7 6.O-O Nge7 7.c3 e5 8.Be3 d6 9.d4 
cxd4 10.cxd4 O-O 11.d5 Nb8 12.Nfd2 f5 13.f3 Nd7 14.Nc3 Nf6 15.Kh1 Bd7 16.Qb3 b5 
17.a4 bxa4 18.Nxa4 Rb8 19.Qc3 Bb5 20.Nc4 Qc7 21.b3 Rfc8 22.Nab2 a6 23.Rfc1 fxe4 
24.fxe4 Ng4 25.Bg1 Rf8 26.Rf1 Bh6 27.h3 Nf6 28.Be3 Bxe3 29.Qxe3 Nh5 30.Kh2 Rxf1 
31.Bxf1 Rf8 32.Be2 Ng7 33.Rc1 Qd8 34.Kg2 Rf7 35.h4 Nc8 36.Rf1 Rxf1 37.Bxf1 Qf6 
38.Qf3 Qxf3+ 39.Kxf3 Nh5 40.Bh3 Ne7 41.Nxd6 Kf8 42.Nxb5 axb5 43.Bf1 b4 44.Nd3 
Nc8 45.Nxe5 Nd6 46.Nc6 Nf7 47.Nxb4 Ne5+ 48.Kg2 Nf6 49.Nd3 Neg4 50.Nc5 Ne3+ 
51.Kf2 Nfg4+ 52.Ke1 Nc2+ 53.Kd2 Nd4 54.Kc3 Nf3 55.Be2 Nge5 56.Bxf3 Nxf3 57.b4 
Ke7 58.Nd3 Kd6 59.Kc4 Nd2+ 60.Kb5 Nxe4 61.Nf4 Nxg3 62.Ka6 Ne4 63.b5 Nc5+ 64.Ka7 
Nd7 65.b6 h6 66.Nxg6 Kxd5 67.b7 Ke6 68.b8=Q Nxb8 69.Kxb8 Kf5 70.Ne7+ Kg4 71.Ng8 
Kxh4 72.Nxh6 1/2-1/2

[Event "Macieja Memorial"]
[Site "Warsaw POL"]
[Date "2022.07.08"]
[Round "8.21"]
[White "Chiszko, Oskar"]
[Black "Chylewski, Patryk"]
[Result "0-1"]
[WhiteElo "1694"]
[BlackElo "2131"]
[EventDate "????.??.??"]
[PlyCount "64"]

1.e4 c5 2.Nf3 e6 3.d4 cxd4 4.Nxd4 Nc6 5.Nc3 Qc7 6.a3 a6 7.Be3 Nf6 8.f4 d6 9.Be2 
Nxd4 10.Bxd4 e5 11.Be3 Be6 12.f5 Bc4 13.g4 h6 14.h3 Be7 15.Bd3 d5 16.Bxc4 Qxc4 
17.Nxd5 Qxe4 18.Nxf6+ Bxf6 19.Ke2 Rd8 20.Qc1 Qg2+ 21.Bf2 Bg5 22.Qg1 Rd2+ 23.Ke1 
Rxf2 24.Qxf2 Qxh1+ 25.Ke2 Qe4+ 26.Kf1 O-O 27.Re1 Qh1+ 28.Ke2 Qxh3 29.Rg1 Rd8 
30.Rg3 Rd2+ 31.Ke1 Qh1+ 32.Rg1 Qe4+ 0-1

[Event "Macieja Memorial"]
[Site "Warsaw POL"]
[Date "2022.07.08"]
[Round "8.22"]
[White "Chomczyk, Marek"]
[Black "Jarocka, Liwia"]
[Result "1-0"]
[WhiteElo "2172"]
[BlackElo "1840"]
[EventDate "????.??.??"]
[PlyCount "60"]

1.e4 c5 2.Nc3 Nc6 3.Bb5 d6 4.Bxc6+ bxc6 5.d3 g6 6.f4 Bg7 7.Nf3 Nh6 8.O-O O-O 
9.Qe1 f5 10.e5 Rb8 11.b3 d5 12.Na4 c4 13.dxc4 dxc4 14.Be3 Qc7 15.Qc3 Ng4 16.Bc5 
cxb3 17.axb3 Be6 18.h3 Nh6 19.Be3 Bd5 20.Qc5 Be4 21.Ng5 Bd5 22.Nc3 Qd7 23.Rxa7 
Rb7 24.Rfa1 Rfb8 25.Rxb7 Qxb7 26.Ra7 Qb4 27.Qxb4 Rxb4 28.Nxd5 cxd5 29.Ra8+ Bf8 
30.Ne6 Rb5 1-0

[Event "Macieja Memorial"]
[Site "Warsaw POL"]
[Date "2022.07.08"]
[Round "8.23"]
[White "Czernek, Tymon"]
[Black "Socko, Bartosz"]
[Result "0-1"]
[WhiteElo "1973"]
[BlackElo "2624"]
[EventDate "????.??.??"]
[PlyCount "70"]

1.e4 e6 2.d4 d5 3.Nc3 Bb4 4.e5 Ne7 5.Bd3 c5 6.a3 Bxc3+ 7.bxc3 Nbc6 8.Be3 Qa5 
9.Qd2 b6 10.Nf3 Ba6 11.Bxa6 Qxa6 12.dxc5 Na5 13.cxb6 axb6 14.Qd3 Nec6 15.O-O 
Nc4 16.Bd4 h6 17.Rfe1 O-O 18.Nh4 Nxa3 19.Qxa6 Rxa6 20.Ra2 Rfa8 21.Rea1 Ra4 
22.Nf3 b5 23.Bc5 Nxc2 24.Rxa4 Rxa4 25.Rc1 Na3 26.g3 Nc4 27.Rb1 Ra5 28.Nd4 N6xe5 
29.Rxb5 Ra1+ 30.Kg2 Ra2 31.Rb8+ Kh7 32.Nf3 Nd3 33.Bd4 e5 34.Bb6 Nxb6 35.Rxb6 
Rxf2+ 0-1